Verejná politika

V súvislosti s politickými a spoločenskými zmenami po r. 1989 sa dostáva do popredia termín "verejná politika", vyvolávajúci určité väzby s pojmom verejná správa, štát a pod. čiže kategória, ktorá sa dotýka politiky aj verejnosti. Obsah, zameranie a cieľ verejnej politiky. Chápanie verejnej politiky...

Ausführliche Beschreibung

Gespeichert in:
Bibliographische Detailangaben
1. Verfasser: Vlček, Dalibor
Format: Buchkapitel
Sprache:Slowakisch
Schlagworte:
Tags: Tag hinzufügen
Keine Tags, Fügen Sie das erste Tag hinzu!

MARC

LEADER 00000naa a2200000 4500
001 r026164
005 20230825080147.7
041 0 |a slo 
044 |a SK 
245 1 0 |a Verejná politika  |c Dalibor Vlček 
520 |a V súvislosti s politickými a spoločenskými zmenami po r. 1989 sa dostáva do popredia termín "verejná politika", vyvolávajúci určité väzby s pojmom verejná správa, štát a pod. čiže kategória, ktorá sa dotýka politiky aj verejnosti. Obsah, zameranie a cieľ verejnej politiky. Chápanie verejnej politiky českými teoretikmi. Objasnenie termínu verejnej politiky na Slovensku. Objasnenie vzťahu verejnej politiky k samotnej politike a rozdiel medzi nimi. Vzťah verejnej politiky k verejnej správe, štátnej správe a samospráve. 
610 2 0 |a politika verejná 
610 2 0 |a pojmy 
610 2 0 |a správa verejná 
610 2 0 |a sektor verejný 
610 2 0 |a politika 
100 1 |a Vlček, Dalibor